Los Países Bajos y la cultura europea en el siglo XVII /

Estudio sobre el crecimiento económico, evolución política y logros artísticos y científicos de Holanda durante el siglo XVII, que abarca también la influencia de la entonces joven nación en el comercio y pensamiento europeos.

Kaydedildi:
Detaylı Bibliyografya
Yazar: Wilson, Charles (autor)
Materyal Türü: Kitap
Dil:İspanyolca
Baskı/Yayın Bilgisi: Madrid, España : Guadarrama, 1968, c1968
Seri Bilgileri:(Biblioteca para el Hombre Actual ; 34)
Konular:
Etiketler: Etiketle
Etiket eklenmemiş, İlk siz ekleyin!

MARC

LEADER 00000nam^a2200000^a^4500
001 000120725
005 20250521000000.0
009 20260310094402.179
037 |a Acervo ITESO - Biblioteca 
041 |a ESP 
082 |a 949. 203  |b WIL 
100 |a Wilson, Charles  |e (autor) 
245 1 4 |a Los Países Bajos y la cultura europea en el siglo XVII /  |c C. Wilson ; tr. por Jorge Molina Quirós. 
264 4 |a Madrid, España :  |b Guadarrama,  |c 1968, c1968 
300 |a 256 p. 
336 |a texto  |b txt  |2 rdacontenido 
337 |a sin mediación  |b n  |2 rdamedio 
338 |a volumen  |b nc  |2 rdasoporte 
440 1 |a (Biblioteca para el Hombre Actual ;  |v 34) 
500 |a Traducción de: The Dutch Republic and the Civilisation of the Seventeenth Century 
520 |a Estudio sobre el crecimiento económico, evolución política y logros artísticos y científicos de Holanda durante el siglo XVII, que abarca también la influencia de la entonces joven nación en el comercio y pensamiento europeos. 
649 |a XX 
650 |a Arte Holandés -  |x Historia y Crítica 
650 |a Cultura -  |z Holanda -  |x Historia 
650 |a Comercio -  |z Holanda -  |x Historia 
650 |a Economía -  |z Holanda -  |x Historia 
650 |a Política -  |z Holanda -  |x Historia 
650 |a Holanda -  |x Historia -  |y Guerra de los Ochenta Años, 1568-1648 
650 |a Holanda -  |x Historia -  |y Provincias Unidas, 1648-1795 
650 |a Holanda -  |x Historia -  |y Siglo XVII -  |x Tema Principal 
910 |a Fondo Salvador Reynoso Reynoso 
920 |a Impresos - Libros 
930 |a Fondos Especiales 
905 |a 112 
901 |a 0800006448  |b IT2  |c ESP  |u 20250521 
902 |a https://opac.biblio.iteso.mx/vufind/Record/000120725